00946nab a22002297a 4500999001500000003000400015005001700019008004100036040000700077100003500084245010000119260007200219300001200291500003900303505008900342650002600431650001900457650003400476650004900510773014400559942001300703 c5971d5971OSt20260114152950.0190605e xxu||||| |||| 00| 0 spa d cPJ aPrieto Fasano, Andrés 9680510aTrabajo esencial. 110.a Conferencia Internacional del Trabajo (OIT) /cAndrés Prieto Fasano.  aCiudad Autónoma de Buenos Aires :bThomson Reuters La Ley,c2022. ap. 7--9 aCita: TR LALEY AR/DOC/2449/2022.  t¿Te interesa el texto completo? Solicitalo al correo: koha@justierradelfuego.gov.ar 091316aDERECHO LABORAL 095233aPANDEMIA 091570aDERECHOS DEL TRABAJADOR 094925aORGANIZACION INTERNACIONAL DEL TRABAJO0 0271193168dCiudad Autónoma de Buenos Aires : Thomson Reuters La Ley, 1999-2002.tRevista de derecho del trabajo. Nº 5 - Septiembre 2022 2udccANA